000
00267nam a22001217a 4500
008
180307b xxu||||| |||| 00| 0 eng d
041
_a
eng
080
_2
14 ed
_a
33
100
_a
60
101
_a
bus
245
_a
contemporary business
_c
kurtz.b
942
_2
udc
_c
BK
999
_c
44251
_d
44251